Responses for Show #5345 - Friday, November 30, 2007

Lisa Klink game 5.

Contestants

[<< previous game]

Ralph Dellanno, a high school theology teacher from Edison, New Jersey

Per Milam, a graduate student of philosophy from San Diego, California

Lisa Klink, a TV writer from Los Angeles, California (whose 4-day cash winnings total $53,100)

[next game >>]

Jeopardy! Round responses

STATES OF THE UNION
BREAKFAST CEREALS
PUBLIC DOMAIN JUKEBOX
WHICH U.S. CABINET DEPT.?
MOVIE KISSES
HOW ABOUT A LITTLE ROMANCE LANGUAGE?
    $200 10
(Per: What is Texas?)

Alaska

PerRalph
    $200 1
Honey Nut Cheerios

Ralph
    $200 21
Jeannie (with the light brown hair)

Ralph
    $200 26
(Alex: You are right, with less than a minute.)

the Department of Transportation

Lisa
    $200 6
Spider-Man

Per
    $200 16
Latin

Lisa
    $400 11
South Carolina

Ralph
    $400 2
Total

Per
    $400 22
"Anchors Aweigh"

Ralph
    $400 27
(Per: What is the Department of the Interior?)
(Ralph: What is Food and Drug Administration?)

the Department of Agriculture

PerRalph
Triple Stumper
    $400 7
Lauren Bacall

Lisa
    $400 17
(Ralph: What is Catalan?)
...
(Alex: Catalan, Spain.)

Bulgarian

PerRalph
    $600 12
Alabama & Mississippi

Per
    $600 3
cinnamon

Ralph
    $600 23
(Alex: "How I love thee", yes.)

"Little Brown Jug"

Ralph
    $600 28
the Department of the Interior

Per
    $600 8
(Alex: Yes, a great film.)

Lady and the Tramp

Lisa
    $600 18
Spanish

Per
    $800 13
West Virginia

Per
    $800 4
Kashi

Triple Stumper
    $800 24
"He's Got The Whole World In His Hands"

Lisa
    $800 29
the Department of Energy

Lisa
    $800 9
Casablanca

Ralph
    $800 19
(Ralph: Gotta get that one.)

Italian

Ralph
    $1000 14
Florida

Lisa
    $1000 5
Crispix

Lisa
    $1000 25
"Buffalo Gals"

Ralph
    $500 30
(Lisa: What is the Treasury Department?)

the Department of Housing and Urban Development (HUD)

Lisa
    $1000 15
(Alex: And that was Henry Fonda speaking to Katharine Hepburn in [*].)

On Golden Pond

Triple Stumper
    $1000 20
Indo-European

Per

Scores at the first commercial break (after clue 15):

Lisa Per Ralph
$3,000 $1,800 $2,200

Scores at the end of the Jeopardy! Round:

Lisa Per Ralph
$4,500 $4,000 $4,400

Double Jeopardy! Round responses

THE JAPANESE TEA CEREMONY
MYTHICAL MENAGERIE
WESTWARD EXPANSION OF THE U.S.
HOSPITALS
BESTSELLERS OF THE DECADE
(Alex: You name the decade for us.)
"G" WHIZ
    $400 3
bamboo

Per
    $400 1
(Per: What is a... pegasus?)

a Centaur

LisaPer
    $400 23
the Erie Canal

Per
    $400 17
(Per: What are the Mayo Clinic?)

Children's Hospital

Per
Triple Stumper
    $400 12
the 1970s

Ralph
    $400 7
the gladiators

Ralph
    $800 19
humility

Lisa
    $800 2
the Phoenix

Ralph
    $800 24
the Transcontinental Railway

Per
    $800 18
Sun City

Triple Stumper
    $800 13
(Per: What are the '70s?)

the 1980s

PerRalph
    $800 8
gin

Ralph
    $1200 20
(Ralph: What is the east?)
(Per: What is the west?)
...
(Alex: Lisa, they narrowed it down for you. You were left with north and [*]. The correct response is "What is [*]?" To take advantage of the sun.)

south

PerRalph
Triple Stumper
    $1200 4
the Sphinx

Per
    $1200 25
the Homestead Act

Lisa
    $1200 28
Mount Sinai

Per
    $1200 14
(Ralph: What are the 1950s?)

the 1960s

LisaRalph
    $1200 9
glaciers

Lisa
    $1600 21
yin & yang

Lisa
    $1600 5
the Hydra

Per
    $2,000 26
(Alex: [Before Lisa's wager] A minute to go now.)
...
(Alex: [*], on the West Coast. Yes, indeed.)

Vancouver Island

Lisa
    $50 30
(Lisa: Well, I'm going to go extra safe and bet fifty bucks.)

tropical diseases

Lisa
    $1600 15
the 1940s

Triple Stumper
    $1600 10
guano

Per
    $2000 22
tatami

Per
    $2000 6
Scylla

Lisa
    $2000 27
the Gadsden Purchase

Ralph
    $2000 29
Les Invalides (or Hôtel des Invalides)

Lisa
    $2000 16
(Per: What were the 19-aughts?)
...
(Alex: No. You "aught" to have selected [*] instead. You'd have been in better shape.)

the 1920s

Per
Triple Stumper
    $2000 11
(Alex: Sometimes wood, more often steel, and it's called [*].)

a girder

Triple Stumper

Scores at the end of the Double Jeopardy! Round:

Lisa Per Ralph
$16,950 $8,400 $7,200
(lock game)

[wagering suggestions for these scores]

Final Jeopardy! Round responses

WORD HISTORY
(Alex: Now, when you think of a love goddess, what comes to mind? Aphrodite? Venus? Ava Gardner?)
RalphWhat is poisonous
$1,201
PerWhat is Ambrosia?
$3,600
LisaWhat is venom?
$100
venom

Final scores:

Lisa Per Ralph
$17,050 $4,800 $5,999
5-day champion: $70,150 3rd place: $1,000 2nd place: $2,000

Game dynamics:

Coryat scores:

Lisa Per Ralph
$18,600 $8,400 $7,200
18 R
(including 2 DDs),
1 W
(including 1 DD)
16 R,
7 W
16 R,
4 W

Combined Coryat: $34,200

[game clues] [game scores] [suggest correction]

Game tape date: 2007-08-21
The J! Archive is created by fans, for fans. Scraping, republication, monetization, and malicious use prohibited; this site may use cookies and collect identifying information. See terms. The Jeopardy! game show and all elements thereof, including but not limited to copyright and trademark thereto, are the property of Jeopardy Productions, Inc. and are protected under law. This website is not affiliated with, sponsored by, or operated by Jeopardy Productions, Inc. Join the discussion at JBoard.tv.